[Event "Rostock SSC op 16th"]
[Site "Rostock"]
[Date "2017.07.28"]
[Round "5"]
[White "Roehr, Oliver"]
[Black "Moeckel, Jens"]
[Result "0-1"]
[WhiteElo "1671"]
[BlackElo "1944"]
[PlyCount "101"]
[EventDate "2017.07.26"]
[EventType "swiss"]
[EventRounds "7"]
[EventCountry "GER"]
[SourceTitle "EXT 2018"]
[Source "ChessBase"]
[SourceDate "2017.10.13"]
[SourceVersion "1"]
[SourceVersionDate "2017.10.13"]
[SourceQuality "1"]

1. e4 g6 2. d4 Bg7 3. c4 d6 4. Nf3 Bg4 5. Be2 Bxf3 6. Bxf3 c5 7. dxc5 Qa5+ 8. Bd2 Qxc5 9. Qb3 Nd7 10. Nc3 Ngf6 11. 0-0 0-0 12. Nd5 Nxd5 13. cxd5 Qb6 14. Bc3 Qxb3 15. axb3 a6 16. Rfc1 Nc5 17. Ra3 Rac8 18. Bxg7 Kxg7 19. b4 Nxe4 20. Raa1 Nd2 21. Bg4 f5 22. Bd1 Kf6 23. f4 h6 24. Ba4 b5 25. Bd1 g5 26. g3 g4 27. Rc6 Rxc6 28. dxc6 Ra8 29. Ra2 Nc4 30. Be2 Nb6 31. c7 Nd5 32. Rxa6 Rc8 33. Rc6 Rxc7 34. Bxb5 Rxc6 35. Bxc6 Nxb4 36. Bd7 e5 37. fxe5+ Kxe5 38. Kf1 Nd3 39. b3 Nc5 40. Bc8 Nxb3 41. h3 gxh3 42. g4 f4 43. g5 hxg5 44. Bxh3 Ke4 45. Kf2 Nc5 46. Bg2+ Ke5 47. Kf3 d5 48. Kg4 Ne4 49. Bf1 d4 50. Be2 d3 51. Bd1 0-1

[Event "Rostock SSC op 16th"]
[Site "Rostock"]
[Date "2017.07.26"]
[Round "2"]
[White "Mueller, Rosemarie"]
[Black "Roehr, Oliver"]
[Result "0-1"]
[WhiteElo "1074"]
[BlackElo "1671"]
[PlyCount "64"]
[EventDate "2017.07.26"]
[EventType "swiss"]
[EventRounds "7"]
[EventCountry "GER"]
[SourceTitle "EXT 2018"]
[Source "ChessBase"]
[SourceDate "2017.10.13"]
[SourceVersion "1"]
[SourceVersionDate "2017.10.13"]
[SourceQuality "1"]

1. e4 c5 2. Nf3 e6 3. Nc3 d5 4. e5 d4 5. Ne4 Nc6 6. Be2 Qd5 7. d3 Nxe5 8. 0-0 Bd6 9. Nxd6+ Qxd6 10. Bg5 b6 11. Bh4 Bb7 12. Bg3 Nxf3+ 13. Bxf3 Bxf3 14. Qxf3 Qd5 15. Rae1 Qxf3 16. gxf3 Ne7 17. Re4 Nd5 18. Rg4 g6 19. Re1 Kd7 20. Be5 h5 21. Rg2 f6 22. Bf4 Nxf4 23. h4 Nxg2 24. Kxg2 g5 25. Kh3 gxh4 26. Rc1 Rag8 27. Kxh4 Rg5 28. c3 Rhg8 29. b4 Rg2 30. Kh3 Rg1 31. Rxg1 Rxg1 32. bxc5 dxc3 0-1

[Event "GER-ch U12"]
[Site "Willingen"]
[Date "2017.06.09"]
[Round "9"]
[White "Roehr, Oliver"]
[Black "Sinnhoefer, Joshua"]
[Result "1-0"]
[WhiteElo "1700"]
[BlackElo "1560"]
[PlyCount "144"]
[EventDate "2017.06.04"]
[EventType "swiss"]
[EventRounds "11"]
[EventCountry "GER"]
[SourceTitle "CBM 178 Extra"]
[Source "ChessBase"]
[SourceDate "2017.06.22"]
[SourceVersion "1"]
[SourceVersionDate "2017.06.22"]
[SourceQuality "1"]

1. e4 e5 2. Nf3 Nc6 3. d4 exd4 4. Nxd4 Bc5 5. Nxc6 bxc6 6. Bd3 Ne7 7. 0-0 0-0 8. Nc3 f5 9. Bg5 h6 10. Bxe7 Qxe7 11. exf5 d5 12. Qf3 Bd6 13. Nxd5 Qe5 14. g3 cxd5 15. Rfe1 Qd4 16. Rad1 Bb7 17. Ba6 Qb6 18. Bxb7 Qxb7 19. c4 Qxb2 20. c5 Qxa2 21. cxd6 cxd6 22. Qxd5+ Qxd5 23. Rxd5 a5 24. g4 Rfd8 25. Ra1 a4 26. Rd4 a3 27. Rd3 Ra4 28. h3 a2 29. Rd2 Rda8 30. Kg2 R8a6 31. Kg3 Kf7 32. Kg2 Ke7 33. f3 Kd7 34. Rc2 d5 35. h4 h5 36. Kg3 hxg4 37. fxg4 d4 38. Rd2 Kd6 39. h5 Kd5 40. g5 Ke4 41. Rf2 R4a5 42. Kg4 d3 43. g6 Ke3 44. Rff1 Ra4+ 45. Kg5 Rd4 46. h6 gxh6+ 47. Kxh6 Rf4 48. Rfe1+ Kd4 49. Kg5 Rf2 50. Rg1 Ra5 51. g7 Rfxf5+ 52. Kg6 Rfb5 53. g8Q Rb6+ 54. Kh7 Rb7+ 55. Rg7 Rbb5 56. Rg4+ Ke3 57. Rg3+ Kd4 58. Qd8+ Rd5 59. Qh4+ Kc3 60. Qf6+ Kc2 61. Rxa2+ Rxa2 62. Qc6+ Kd1 63. Rg1+ Ke2 64. Qxd5 Ra7+ 65. Kg6 Ra6+ 66. Kh5 Ra3 67. Qe4+ Kd2 68. Qb4+ Ke2 69. Qxa3 d2 70. Rg2+ Kd1 71. Qa2 Kc1 72. Qxd2+ Kb1 1-0

[Event "GER-ch U12"]
[Site "Willingen"]
[Date "2017.06.06"]
[Round "5"]
[White "Roehr, Oliver"]
[Black "Musiolik, David"]
[Result "1/2-1/2"]
[WhiteElo "1700"]
[BlackElo "2004"]
[PlyCount "43"]
[EventDate "2017.06.04"]
[EventType "swiss"]
[EventRounds "11"]
[EventCountry "GER"]
[SourceTitle "CBM 178 Extra"]
[Source "ChessBase"]
[SourceDate "2017.06.22"]
[SourceVersion "1"]
[SourceVersionDate "2017.06.22"]
[SourceQuality "1"]

1. d4 d5 2. c4 e6 3. Nc3 Be7 4. Nf3 Nf6 5. Bg5 h6 6. Bxf6 Bxf6 7. cxd5 exd5 8. e3 c6 9. h3 0-0 10. Bd3 Be6 11. 0-0 Nd7 12. Ne2 Qb6 13. b3 Rfc8 14. Nf4 c5 15. Rc1 cxd4 16. Rxc8+ Rxc8 17. Nxe6 Qxe6 18. Nxd4 Qd6 19. Nb5 Qb6 20. Qf3 g6 21. Qxd5 Ne5 22. Qe4 1/2-1/2